Estadísticas para Estados de EE. UU. que comienzan con la letra C

Haz click aquí para tomar la prueba!

Estadísticas generales

  • Esta prueba ha sido tomada 100 veces
  • La puntuación promedio es 4 de 5

Estadísticas de respuestas

Estado% Correcto
Colorado
90%
California
80%
Carolina del Norte
77%
Carolina del Sur
73%
Connecticut
60%

Distribución de puntuación

Porcentaje por número respondido

Porcentaje de gente con cada puntuación

Historial de tus puntuaciones

No has tomado esta prueba